000 00921nam a2200301Ia 4500
001 Z_3579
003 CHAP
008 220113s1981 xx 000 0 und d
010 _a166665
040 _cCHAP
090 _aFolleto 422
100 _aTaiganides, Paul
_9140781
245 _aEl manejo del estiércol en México /
_cpor Paul Taiganides
260 _aMadrid :
_bFAO,
_c1981
300 _a18 h.
440 _a
500 _aInforme del viaje a México del 5-15 de febrero de 1981. El estudio del problema del estiércol de 22 000 vacas de PRODEL en Tezayucay de las grnajas de cerdos en la Piedad y también los métodos para reciclar los desechos de animales
503 _a
650 _aAbonos
_9235
650 _aEstiércol de vaca
_938326
650 _aEstiércol
_xManejo
_938314
901 _aFolleto 422
902 _aA
910 _a1981
942 _cc14
942 _cc14
999 _c166665
_d166665